Statistics for Word Addition Click Quiz - City Names

Click here to take the quiz!

General Stats

  • This quiz has been taken 1,833 times
    (1,823 since last reset)
  • The average score is 19 of 22

Answer Stats

HintAnswer% Correct
LisBon
97%
MelBourne
97%
BudaPest
97%
BaghDad
96%
StockHolm
96%
LiverPool
96%
RotterDam
94%
WarSaw
94%
BakersField
92%
PortLand
92%
BelFast
91%
MadRid
90%
MonteVideo
90%
ZagReb
89%
MilAn
88%
FreeTown
88%
LiMa
84%
AtHens
82%
TashKent
79%
AmMan
79%
BanDung
71%
YangOn
66%

Score Distribution

Percentile by Number Answered

Percent of People with Each Score

Your Score History

You have not taken this quiz since the last reset